000 04885nab a2200373 i 4500
003 BR-BrBNA
005 20250423125409.0
008 250423b2020 bl.ar|pooa||| 00| 0 por |
040 _aBR-BrBNA
_bpor
072 _aT01
_b3876
072 _aP36
_b2120
100 _aSilva, Luís Fernando Vieira da
100 _aPinto, Antônio Alves
100 _aMendonça, João Carlos Ferreira
100 _aPrado, Jair Rocha do
100 _a Melo, Edmar Isaias de
100 _aPaula, Gustavo Henrique de
100 _aSantos Júnior, Pedro Joel dos
245 _aEfeito do biochar de resíduo do fruto do cafeeiro na sorção de atrazina no solo
500 _a Publicação online; 37 ref.; 5 illus.; 4 tables; Summaries (En, Pt)
520 _a Resumo: A retenção e mobilidade dos herbicidas no solo são governados pelos processos de adsorção e dessorção, cuja presença de biochar é capaz de aumentar a adsortividade de herbicidas no solo. Este trabalho objetivou avaliar o potencial de sorção do biochar produzido a partir do resíduo do beneficiamento do fruto do cafeeiro em função das doses de atrazina. O experimento foi conduzido em casa de vegetação da Universidade Federal de Uberlândia. O delineamento experimental aplicado foi inteiramente casualizado, em esquema fatorial 4× 8, totalizando 32 tratamentos, com três repetições cada. Os fatores avaliados foram quatro concentrações de biochar, aplicados na superfície do substrato e oito concentrações de herbicida atrazina. O potencial de sorção do biochar pelo herbicida atrazina foi avaliado pela técnica de bioensaio, utilizando o pepino da cultivar Safira (Cucumis sativusL.) como planta bioindicadora. Aos 28 dias da instalação do experimento, foram avaliados o comprimento da parte aérea (CPA) e o teor relativo de clorofila(CL).A aplicação de atrazina em solo com biochar na concentração de 1,8 % m m-1 proporcionaram maior sorção(1,4 e 2,2) em relação ao solo sem adição de biochar, conforme redução de 50% de CL e CPA, respectivamente. Os resultados do bioensaio, demonstram a redução da disponibilidade de atrazina no solo, e consequentemente, menor absorção do herbicida pelas plantas, indicando que o biochar produzido a partir do resíduo de beneficiamento do fruto do cafeeiro apresenta potencial de ser aplicado na sorção de atrazina no solo. Palavras-chave: Pirólise, Retenção de herbicida, Resíduo lignocelulósico
520 _a Abstract: The retention and mobility of herbicides in the soil are governed by the adsorption and desorption processes, whose presence of biochar is capable of increasing the adsorption of herbicides in the soil. This work aims to evaluate the sorption potential of the biochar produced from the residue of the coffee fruit processing as a function of the doses of atrazine. The experiment was conducted in a greenhouse by the Federal University of Uberlândia. The experimental design applied was randomized, in a 4 × 8 factorial scheme, totaling 32 sessions, with three repetitions each. The reduction factors were four applied to biochar, application to the substrate surface and eight effects of atrazine herbicide. The sorption potential of the biochar by the herbicide atrazine was evaluated by the bioassay technique, using the cucumber from the cultivar Safira (Cucumis sativusL.) as a plant bioindicator. At 28 days after installation of the experiment, the shoot length (CPA) and the relative chlorophyll content (CL) were applied. The application of attractiveness in soil with biochar, with a concentration of 1,8% m-1, provided greater sorption (1,4 and 2,2) in relation to the soil without the addition of biochar, 50% reduction in CL and CPA, respectively. The results of thebioassay, demonstrate a reduction in the availability of attractions in the soil and, consequently, less absorption of herbicides by the plants, indicate that the biochar produced from the coffee processing residue in the coffee has the potential to be used in the attractiveness in the only. Keywords: Pyrolysis, Herbicide retention, Lignocellulosic residue
650 _aHERBICIDA
650 _aATRAZINA
650 _aCONTAMINAÇÃO
650 _aIMPACTO AMBIENTAL
650 _aCAFÉ
650 _aRESÍDUO
650 _aRECUPERAÇÃO DO SOLO
773 0 _03583
_9349996
_dCruz das Almas-BA Universidade Federal da Bahia - Escola de Agronômia 1983
_o2025-2518
_tMagistra (Brazil)
_x0102-5333
_gv. 31 p. 543-553; (2020)
_wBR2025000784
856 _uhttps://periodicos.ufrb.edu.br/index.php/magistra/article/view/4362/2225
942 _cANA
999 _c331168
_d331168